000
00297nam a2200097Ia 4500
008
220204s9999 xx 000 0 und d
082
_a
NR:338.45
_b
MRR
245
0
_a
Malaysian natural rubber industry 1983-2000: Report of the task force of experts
260
_a
Kuala Lumpur
_b
MRRDB
_c
1983
942
_c
BK
999
_c
38152
_d
38152